000 00468nam a22001815i 4500
999 _c13302
_d13302
020 _a9781119812289
020 _a9781119812289
020 _a9781119812289
020 _a9781119812289
082 _a005.8076
_b10374
100 1 _aChapple, Mike,
245 1 0 _aCompTia Security+ Deluxe Study Guide :
_bexam sy0-601 /
_cMike Chapple, David Seidl.
250 _a5.
260 _aIndiana
_bSYBEX
_c2021
300 _apages cm
700 1 _aSeidl, David,
942 _cC.S